Η λεξικογραφία της αρχαίας, μεσαιωνικής και νέας ελληνικής γραμματείας: παρούσα κατάσταση και προοπτικές των σύγχρονων λεξικογραφικών εγχειρημάτων : πρακτικά διεθνούς ημερίδας , Θεσσαλονίκη, 9 Νοεμβρίου 1997 = The lixicography of ancient, medieval and modern Greek literature: present state and prospects of current major projects : proceedings of an international conference, Thessaloniki, 9 November 1997

Saved in:
Bibliographic Details
Corporate Author: Κέντρο Ελληνικής Γλώσσας
Other Authors: Καζάζης, Ιωάννης Ν., 1947- (Editor)
Format: Book
Language:Greek
English
Published: Θεσσαλονίκη : Κέντρο Ελληνικής Γλώσσας, 2003
Subjects:
Tags: Add Tag
No Tags, Be the first to tag this record!

MARC

LEADER 00000cam a2200000 i 4500
001 1/22927
008 120913s2003 gre d
020 |a 960-7779-33-9 
035 |l 10113146 
040 |a GR-MY-UA  |b gre  |e aacr 
041 0 |a gre  |a eng 
082 0 |a 483.028  |2 (22) 
245 1 2 |a Η λεξικογραφία της αρχαίας, μεσαιωνικής και νέας ελληνικής γραμματείας: παρούσα κατάσταση και προοπτικές των σύγχρονων λεξικογραφικών εγχειρημάτων :  |b πρακτικά διεθνούς ημερίδας , Θεσσαλονίκη, 9 Νοεμβρίου 1997 = The lixicography of ancient, medieval and modern Greek literature: present state and prospects of current major projects : proceedings of an international conference, Thessaloniki, 9 November 1997 /  |c επιστημονική επιμέλεια: Ι.Ν.Καζάζης 
246 2 1 |a The lexicography of ancient, medieval and modern Greek literature: present state and prospects of current major projects 
260 |a Θεσσαλονίκη :   |b Κέντρο Ελληνικής Γλώσσας,   |c 2003 
300 |a 249 σ.;  |c 24 εκ. 
504 |a Περιλαμβάνει βιβλιογραφικές παραπομπές 
650 0 0 |a Greek language  |x Lexicology. 
650 0 0 |a Greek language, Medieval and late. 
650 0 0 |a Greek language, Modern. 
700 1 |4 edt  |a Καζάζης, Ιωάννης Ν.,   |d 1947- 
710 2 |a Κέντρο Ελληνικής Γλώσσας. 
852 |a INST  |b RHODES  |e 20120913  |h 483.028 ΛΕΞ  |p 005400034536  |q 005400034536  |t BK  |y 0 
901 |a BIBL4-2012-3 
909 |a Ρ  |b 171163 
922 |a 4ΕΛΗ 
970 |z 2012/09/13